000 00377 a2200169 4500
001 184349
020 _a85-322-4348-7
040 _cMagnum
100 _aSilva, Rita de Cassia S.
240 1 0 _aA tribo descobre cabral
_lpor
245 1 0 _aA tribo descobre cabral
300 _a40
362 0 _a1999
440 1 _aFTD
697 _aLITERATURA INFANTO-JUVENIL
942 _cBK
999 _c184349
_d184349